• 首页
  • 本馆介绍
  • 公告通知
  • 最新文献
  • 馆藏检索
  • 电子资源
  • 读者导购
  • 参考咨询
  • 我的图书馆
  • 登录
  • 详细信息显示
  • 放入我的书架
  • 预约/预借图书
  • 作者相关作品
  • 分类相关作品
  • 丛书相关作品
  • 出版社相关作品

书目信息

  • 表格格式
  • 工作单格式
  • 卡片格式
题名:
正确选用肥料与科学施肥知识问答
    
 
作者: 梁飞 , 吴志勇 , 王军 主编
分册:  
出版信息: 北京   中国农业出版社  2020.01
页数: 205页
开本: 21cm
丛书名:
单 册:
中图分类: S147.2
科图分类:
主题词: 施肥--shi fei--基本知识
电子资源:
ISBN: 978-7-109-26470-0
000 00957nam0 2200253 450
001 0109110246
005 20201109110341.0
010    @a978-7-109-26470-0@dCNY29.00
100    @a20200622d2020 em y0chiy50 ea
101 0  @achi
102    @aCN@b110000
105    @aa z 000yy
106    @ar
200 1  @a正确选用肥料与科学施肥知识问答@Azheng que xuan yong fei liao yu ke xue shi fei zhi shi wen da@f梁飞, 吴志勇, 王军主编
210    @a北京@c中国农业出版社@d2020.01
215    @a205页@c彩图@d21cm
330    @a本书共分七章,前六章采用知识问答形式系统介绍了肥料基础知识,大量元素肥料,中微量元素肥料,植物生物刺激素与植物生长调节剂,水肥一体化技术基础,综合知识;第七章介绍了典型作物水肥一体化技术模式。
606 0  @a施肥@Ashi fei@x基本知识
690    @aS147.2@v5
701  0 @a梁飞@Aliang fei@4主编
701  0 @a吴志勇@Awu zhi yong@4主编
701  0 @a王军@Awang jun@4主编
801  0 @aCN@bBJSZM@c20201103
905    @b1241999-2002@dS147.2@e135@f4
    
    正确选用肥料与科学施肥知识问答/梁飞, 吴志勇, 王军主编.-北京:中国农业出版社,2020.01
    205页:彩图;21cm
    
    
    ISBN 978-7-109-26470-0:CNY29.00
    本书共分七章,前六章采用知识问答形式系统介绍了肥料基础知识,大量元素肥料,中微量元素肥料,植物生物刺激素与植物生长调节剂,水肥一体化技术基础,综合知识;第七章介绍了典型作物水肥一体化技术模式。
●
相关链接 在E读中查询图书 在五车中查询图书 在当当中查询图书 在豆瓣中查询图书


正题名:正确选用肥料与科学施肥知识问答     索取号:S147.2/135         预约/预借

序号 登录号 条形码 馆藏地/架位号 状态 备注
1 1241999   212419998   第二样本阅览室/ [索取号:S147.2/135] 在馆    
2 1242000   212420003   第三借阅区/ [索取号:S147.2/135] 在馆    
3 1242001   212420012   第三借阅区/ [索取号:S147.2/135] 在馆    
4 1242002   212420021   第三借阅区/ [索取号:S147.2/135] 在馆    
唐山师范学院图书馆 欢迎您!
大连网信软件有限公司© 版权所有